LEADER 01188nam a2200265 u 4500 001 000000045127 003 CaOOAMICUS 005 20070226114628.0 008 990520s1949 it u000 u ita u 035 $a10823803 040 $aPUL(R)$bita$dPUL(R) 100 1 $aMorselli, Emanuele.$0(OLS)http://pul/name/29265 245 10$aCorso di Scienza della finanza pubblica /$cEmanuele Morselli. 250 $a4. ed. riveduta ed aggiornata con la nuova Costituzione italiana. 260 $aPadova :$bCEDAM,$c1949. 300 $a4 v. ;$c25 cm 504 $aNote bibliografiche. 505 0 $av.1: Primi principi di scienza delle finanze e Diritto finanziario -- v. 2: Sistema tributario italiano e comparato -- v. 3: Bilancio e tesoro -- v. 4: Debito pubblico. 650 4$aFinanza pubblica.$0(OLS)http://pul/subject/18160 850 $aPUL 852 $aPUL$W1$xDP1 Cons. Gen., Altre Classi 1$y22$m46 F 26$j60641$nBK-PRI$b $qStampati$B60641$CPULBib$Z2$F60641 $H $81 941 1 $a8 961 $aINV: 40140 996 $6245$aCorso di Scienza della finanza pubblica$9(OLS)http://pul/title/60839 996 $6260$aPadova :$bCEDAM$9(OLS)http://pul/publisher/48126 LEADER 01381nam a2200325 u 4500 001 000000004137 003 CaOOAMICUS 005 20120127084137.0 008 940514s1974 it fh u000 u ita u 020 $aL15000 035 $a10108351 040 $aPUL(R)$bita 098 $aIt75-Sept 100 1 $aLambruschini, Raffaello,$csac.,$d1788-1873.$0(OLS)http://pul/name/4218 245 10$aScritti pedagogici /$cdi Raffaello Lambruschini ; a cura di Guido Verucci. 260 $aTorino :$bUTET,$c1974. 300 $a935 p. :$btav. (incl. facs.) ;$c24 cm 490 1 $aClassici della pedagogia (Unione tipografico-editrice torinese) ;$v5 500 $aIncludes index. 504 $aBibliografia: p. [61]-65. 650 0$aEducation$xPhilosophy.$2//eng$0(OLS)http://pul/subject/3485 650 4$aEducazione$xAspetti morali e religiosi$zItalia.$0(OLS)http://pul/subject/12046 700 1 $aVerucci, Guido.$0(OLS)http://pul/name/4273 830 0$aClassici della pedagogia (UTET) ;$v5.$0(OLS)http://pul/title/5994 850 $aPUL 852 $aPUL$W1$xDP1 Fondo Pastorale$y55$mP19 A 8$j5822$nBK-PRI$b $qFondi$B5822$CPULBib$Z2$F5822 $HPUL59029 $81 941 1 $a1 996 $6020$aL15000$9(OLS)http://pul/number/5329 996 $6245$aScritti pedagogici$9(OLS)http://pul/title/5993 996 $6260$aTorino :$bUTET$9(OLS)http://pul/publisher/48088